[Event "83rd Tata Steel Masters 2021"]
[Site "Wijk aan Zee"]
[Date "2021.01.17"]
[Round "2.3"]
[White "Donchenko, Alexander"]
[Black "Caruana, Fabiano"]
[Result "0-1"]
[WhiteElo "2668"]
[BlackElo "2823"]
[Annotator "Cé.Ha."]
[PlyCount "64"]
[EventDate "2021.??.??"]

{[%evp 0,64,39,27,20,-15,24,23,34,29,11,-2,14,16,21,10,9,7,26,37,17,-14,-5,3,
18,-13,-12,1,6,1,34,5,-44,-30,-44,-69,-67,-76,-59,-68,-76,-116,-71,-43,-21,
-145,-124,-140,-95,-129,61,0,-260,-260,-272,-351,-258,-251,-269,-358,-369,-476,
-482,-645,-666,-666,-732]} 1. d4 d5 2. c4 c6 3. Nf3 Nf6 4. e3 Bf5 5. Nc3 e6 6.
Nh4 Be4 (6... Bg6 7. Nxg6 hxg6 8. Bd3 c5 9. Qb3 Qd7 10. cxd5 exd5 11. dxc5 Nc6
12. Bd2 Bxc5 13. Rc1 Rd8 14. Na4 Bd6 15. Nc5 Bxc5 16. Rxc5 d4 17. Bb5 O-O 18.
Bxc6 bxc6 19. f3 Qe7 20. Rc2 Nd5 21. Kf2 Rb8 22. Qa3 Rxb2 23. Qxb2 dxe3+ 24.
Bxe3 Qxe3+ 25. Kg3 Qf4+ 26. Kf2 Rb8 27. Qc1 Qd4+ 28. Kg3 Ne3 29. Rc5 Rb2 30.
Rg1 Rxa2 31. h3 Qd6+ 32. f4 Qd3 33. Kh2 Qe4 34. Rg5 Rc2 {0-1 (34) Wojtaszek,R 
(2745)-Topalov,V (2741) Shamkir 2017}) 7. f3 Bg6 8. Bd2 (8. Qb3 Qc7 9. Bd2 Be7
10. Nxg6 hxg6 11. O-O-O dxc4 12. Bxc4 b5 13. Be2 a6 14. Ne4 Nbd7 15. Kb1 Rc8
16. h4 c5 17. Nxc5) 8... Be7 9. Nxg6 (9. cxd5 cxd5 10. Nxg6 hxg6) 9... hxg6 10.
Qc2 Nbd7 11. O-O-O (11. cxd5 Nxd5 12. g3 Qc7 {gelijk.}) 11... a6 12. g4 (12. e4
dxe4 13. Nxe4 Nxe4 14. fxe4 {gelijk.}) 12... dxc4 13. Bxc4 b5 14. Be2 c5 15. d5
Nxd5 16. Nxd5 exd5 17. f4 (17. Bc3 Nb6) 17... b4 18. e4 (18. Kb1 a5 19. h4)
18... d4 (18... c4 19. exd5 c3 20. bxc3 bxc3 21. Bxc3 O-O) 19. e5 Nb6 ({
Misschien beter direct:} 19... c4 20. Bxc4 Rc8 21. b3 Nb6 22. Be3 Qc7 23. Bxd4
Nxc4 24. bxc4 Qxc4 25. Qxc4 Rxc4+ {met een voordeel voor zwart.}) 20. e6 $1 Qd5
$1 21. exf7+ Kf8 $1 (21... Kxf7 22. Bd3 Qxa2 23. Bxg6+ Kf8 24. Rde1 Qa1+ 25.
Qb1 Qxb1+ 26. Bxb1 {plus voor zwart.}) (21... Qxf7 22. Bxb4 $1 (22. b3 c4)
22... Rb8 (22... cxb4 23. Qc6+ Kf8 24. Qxb6 Qxa2 {gelijk.})) 22. h4 (22. Qxg6
Rb8 23. b3 (23. Bxa6 $2 Qxa2 24. Bb5 c4 $19)) (22. b3 Qxf7 23. f5 g5 24. Rde1 (
24. h4 gxh4 25. g5) 24... Qd5 {gelijk.}) 22... Qxa2 $1 {(Hier is het al uit
voor wit. Er is geen goed antwoord mogelijk.)} 23. Qxg6 (23. Qb1 {biedt ook
geen soelaas.} Qxb1+ 24. Kxb1 Kxf7 {met een overmacht aan pionnen op de
damevleugel geeft wit geen kans.}) 23... b3 $1 $19 24. Be1 c4 $1 25. Rxd4 (25.
Qxb6 $6 {en mat volgt.}) 25... Na4 $1 26. Qb1 Ba3 $1 27. Qxa2 (27. Bb4+ Bxb4
28. Bxc4 Rc8 29. Qxa2 bxa2 30. Kc2 Nb6 31. Kd3 Nxc4 32. Rxc4 Rxc4 33. Kxc4 Rxh4
34. Ra1 a5 {en zwart wint.}) 27... bxa2 28. Kc2 {(Zie diagram)(Er is hier
enige voorzichtigheid geboden en de beste zet vinden is niet zo direct logisch.
)} Rb8 $3 ({Opgelet} 28... Bxb2 $4 {is een verliezende zet!!} 29. Bb4+ Kxf7 30.
Rd7+ Kg8 31. Bxc4+ Kh7 32. Bxa2) (28... a1=Q $2 29. Bb4+ Bxb4 30. Rxa1 {(Wit
staat nog slecht maar het lucht heel wat op.)}) 29. Rd8+ {(Wanhoop)} (29. Bb4+
Rxb4 (29... Bxb4 30. Bxc4 Be7 31. Bb3 Rxh4 $3 32. Rxh4 a1=N+ 33. Kb1 Nxb3 34.
Rh8+ Kxf7 35. Rxb8 Nxd4 36. Rb7 Nc5 37. Rb6 {en zwart zal winnen.}) 30. Bxc4 (
30. bxa3 Rb2+ 31. Kc1 a1=Q#) 30... Rxb2+ 31. Kd3 Be7 {zwart wint.}) 29... Rxd8
30. bxa3 c3 $1 {(belet fijntjes schaak op b4 na promotie.)} 31. Bg3 Rd2+ 32.
Kb3 Nc5+ (32... Nc5+ 33. Kxc3 Ne4+ 34. Kb4 Rxe2) 0-1

[Event "83rd Tata Steel Masters 2021"]
[Site "Wijk aan Zee"]
[Date "2021.01.17"]
[Round "2.4"]
[White "Duda, Jan-Krzysztof"]
[Black "Grandelius, Nils"]
[Result "0-1"]
[WhiteElo "2743"]
[BlackElo "2663"]
[Annotator "Cé.Ha."]
[PlyCount "80"]
[EventDate "2021.??.??"]

{[%evp 0,80,20,0,14,18,19,8,8,-13,11,4,12,12,12,2,27,28,31,25,44,18,18,13,17,2,
-3,-13,-14,-10,-8,-55,-47,-47,-62,-72,-37,-39,-50,-62,-64,-71,-10,-18,-18,-25,
-16,-23,11,-33,-33,-32,7,-133,-161,-142,-170,-254,-230,-198,-190,-216,-214,
-212,-156,-168,-238,-221,-211,-233,-148,-219,-252,-237,-216,-236,-259,-283,
-295,-317,-312,-351,-333]} 1. c4 c5 2. Nf3 Nc6 3. b3 (3. Nc3 g6 4. e3 Bg7 5. d4
d6 6. Be2 Nf6 7. d5 Na5 8. e4 O-O 9. O-O) 3... e5 4. Bb2 d6 5. Nc3 g6 6. g3 Bg7
7. Bg2 (7. d3 Nge7 8. Bg2 O-O) 7... Nge7 8. O-O O-O 9. d3 Rb8 (9... h6 10. Nd2
Be6 11. a3 Qd7) 10. Ne1 Be6 11. Nd5 Qd7 12. Nc2 Bh3 13. Qd2 Bxg2 14. Kxg2 f5
15. b4 (15. f4 Nxd5 (15... Rbe8) 16. cxd5 Nd4 17. e3 Nb5 18. fxe5 dxe5 {zwart
heeft maar een klein voordeel.}) 15... f4 $1 16. bxc5 (16. Nxe7+ Nxe7 17. Rab1
Nc6) 16... dxc5 17. e4 f3+ 18. Kh1 {(Dikwijls is zo ver oprukken vroeg in de
partij niet zo goed. Hier is de pion op f3 minstens vervelend.)} Nd4 $1 (18...
b5 19. Rab1 a6 {zwart beter.}) 19. Nxe7+ Qxe7 20. Ne3 (20. Nxd4 exd4 21. Bc1 h6
22. Qa5 Ra8 23. Rb1) 20... Qd7 $1 21. Bxd4 exd4 22. Nd5 Rbe8 {(Zwart plus
staat klaar om de koning te belagen.} 23. Rg1 Qg4 24. Qd1 $2 {(Zie diagram)(Zo
is het ver uit. De druk op wit wordt veel te groot.)} (24. Qa5 Re5 25. Nf4 Bh6
26. Qxa7 Bxf4 27. gxf4 Qxf4 28. Rg3 {en wit staat toch veilig!}) 24... Re5 25.
Nf4 g5 $1 26. h3 Qd7 27. Qxf3 {(Eindelijk die pion weg, maar dat zal niet
helpen. Het is uit.)} Re7 28. Rg2 Qc7 (28... Qd6 29. Rb1 gxf4 30. g4 Qa6 31. g5
Be5 {zwart wint.}) 29. Qh5 gxf4 30. gxf4 Qxf4 31. Qxc5 Qh4 32. Rg3 Kh8 (32...
Rxf2 33. Rag1 Qf6 34. Qxa7 h5 $1 {zwart voor winst.}) 33. Rag1 b6 34. Qd5 Qf4
35. c5 ({Het beste was nog:} 35. R1g2 Qe5 36. Rg5 Qxd5 37. cxd5 Be5) 35... bxc5
36. Qxc5 Qe5 37. Qc6 (37. Qxe5 Bxe5 38. Rg5 h6 39. Rf5 Rxf5 40. exf5 Rf7) 37...
Ref7 38. Rg5 Qf4 39. e5 Qxf2 ({Niet het simplistische:} 39... Bxe5 $4 40. Qg2 {
en wit klimt uit het dal!}) 40. Qe4 Re7 $3 {(Fijn zetje om te besluiten. Nu
dreigt wel Df3 met dameruil en wit verliest nog pionnen.)} 0-1

[Event "83rd Tata Steel Masters 2021"]
[Site "Wijk aan Zee"]
[Date "2021.01.18"]
[Round "3.5"]
[White "Grandelius, Nils"]
[Black "Harikrishna, Pentala"]
[Result "0-1"]
[WhiteElo "2663"]
[BlackElo "2732"]
[Annotator "Cé.Ha."]
[PlyCount "76"]
[EventDate "2021.??.??"]

{[%evp 0,76,36,31,53,30,30,21,2,2,6,10,4,5,26,27,74,21,21,21,21,21,35,26,29,15,
41,38,26,31,17,5,15,21,18,19,17,-22,-15,-60,-45,-50,-49,-44,-39,-34,-34,-53,
-53,-58,-57,-72,-74,-62,-62,-71,-88,-104,-109,-103,-107,-162,-166,-181,-201,
-216,-208,-208,-217,-245,-194,-192,-189,-189,-189,-191,-191,-422,-422]} 1. e4
e6 2. d4 d5 3. e5 c5 4. c3 Qb6 (4... Nc6 5. Nf3 Qb6 6. a3 c4 7. Nbd2 Na5 8. Be2
Bd7 9. O-O Ne7 10. Rb1 Qc7 11. Re1 Nc8 12. Nf1 Nb6 13. Bf4 h6 14. Qd2 Be7 15.
h4 O-O-O) 5. Nf3 Bd7 6. Be2 cxd4 (6... Bb5 7. O-O Bxe2 8. Qxe2 Qa6 9. Qd1 Nd7
10. Be3 Rc8 11. Nbd2 Ne7 12. dxc5 Nxc5 13. Bxc5 Rxc5 14. Nd4) 7. cxd4 Bb5 8.
O-O Bxe2 9. Qxe2 Nc6 10. Nc3 Nge7 11. Qd3 (11. Be3 Nf5 12. Rfd1 Be7 13. Rac1
O-O) 11... Rc8 12. Rd1 h6 (12... Nb4 13. Qb5+ Qxb5 14. Nxb5 Nec6) 13. Bd2 Ng6
14. h4 (14. Na4 Qd8) 14... Bb4 (14... Qxb2 $2 15. h5 $1 Nge7 16. Na4 {en de
dame gestrikt.}) 15. Na4 Qc7 16. h5 Nge7 17. Bf4 Qa5 18. b3 b5 {(Vangt de
dreiging a3 op.)} 19. Nb2 (19. a3 bxa4 20. axb4 Nxb4 21. Bd2 a3 22. Bxb4 Qxb4
23. Qa6 Rc7 24. Qxa3 {gelijk.}) 19... Ba3 20. Qe2 O-O 21. Rab1 (21. Nd3 $2 Nf5
22. Be3 Qb6 {en zwart krijgt druk.}) 21... Rc7 22. Nd3 Qb6 23. b4 $1 a5 $1 {
(Vangt de nieuwe dreiging Tb3 op en zwart komt beter.)} 24. bxa5 Nxa5 25. Bc1 (
25. Nde1 Nc4 26. Nc2 Nc6 27. Rd3 (27. Ne3 Rd8 28. Nxc4 dxc4 29. Qxc4 bxc4 30.
Rxb6 c3 {en zwarte druk.}) 27... Be7 28. a4 b4) 25... Bxc1 26. Rdxc1 (26. Nxc1
Nc4 27. Nd3 Nc6 28. Nb4 Na3 {en zwart blijft beter.}) 26... Rxc1+ 27. Nxc1 Nc4
28. Nb3 Ra8 29. Rc1 (29. Ra1 Nc6 {zwart duidelijk plus.}) 29... Nc6 30. g3 $6 (
30. Ra1 Ra4 31. Qc2 Qa7) 30... Ra3 31. Kg2 Qa7 32. Rc2 $2 {(Zie diagram)} ({
Beter is} 32. Qd3 {maar ook geen echte oplossing.} Rxa2 33. Qc3 b4 34. Qd3 N6a5
35. Nfd2 Qa8 {Je weet maar nooit dat Tc8 zou gespeeld worden! Wit heeft geen
toekomst.}) (32. Qd1 Rxa2 33. Rc2 Rxc2 34. Qxc2 b4 35. Kh3 Qa4 36. Ne1 N6a5 37.
Nxa5 Qxa5 38. Nd3 Qa1 39. Nxb4 Qxd4 40. Qe2 Nxe5 41. Nc2 Qc3) 32... Nb4 33. Rc3
Nxa2 34. Rd3 Rxb3 $1 35. Rxb3 Nc1 $1 36. Qc2 Nxb3 37. Qxb3 Qa4 38. Qb1 (38.
Qxa4 bxa4 39. Ne1) 38... b4 {(Er is geen verweer tegen de vrijpion.)} (38... b4
39. Ng1 (39. Ne1 b3 40. Nd3 Qa2) 39... Qa3 40. Qd1 b3 41. Ne2 b2 42. Qc2 Qb4
43. Nc3 Qxc3 $1) 0-1

[Event "83rd Tata Steel Masters 2021"]
[Site "Wijk aan Zee"]
[Date "2021.01.18"]
[Round "3.7"]
[White "Firouzja, Alireza"]
[Black "Anton Guijarro, David"]
[Result "1-0"]
[WhiteElo "2749"]
[BlackElo "2679"]
[Annotator "Cé.Ha."]
[PlyCount "121"]
[EventDate "2021.??.??"]

{[%evp 0,121,36,27,21,21,20,27,29,19,68,-1,17,25,5,-1,29,11,27,2,21,-7,-7,0,2,
2,10,1,11,13,18,8,20,18,47,37,61,60,61,61,49,22,20,30,25,39,43,33,21,35,48,47,
54,55,47,46,55,46,46,46,42,50,47,63,62,63,54,46,63,46,63,46,46,10,2,0,100,2,88,
100,18,20,86,47,46,30,70,58,57,71,129,99,125,99,89,77,78,52,49,42,67,113,239,
243,286,287,244,239,239,256,256,268,268,357,351,346,348,348,349,350,343,383,
384,386]} 1. d4 Nf6 2. Nf3 d5 3. Bf4 c5 (3... e6 4. e3 c5 5. c3 Nc6 6. Nbd2 Bd6
7. Bg3 O-O 8. Bd3 b6 9. Ne5 Bb7 10. f4 Ne7 11. Qf3 Nf5 12. Bf2 Be7 13. g4 Nd6
14. g5 Nfe4 15. O-O-O c4 16. Bc2 b5 17. Qh3 b4 18. Nxe4 dxe4 19. Be1 Bd5 20.
Rg1 b3 21. axb3 cxb3 22. Bb1 f5 23. gxf6 Bxf6 24. Rg4 Nf5 25. Kd2 Qa5 26. Ke2
Bxe5 27. dxe5 Rad8 28. Kf2 Qa1 29. Bd2 Bc4 30. Qh5 Qxb2 31. Ke1 Rxd2 {0-1 (31)
Karjakin,S (2769)-Adams,M (2744) Wijk aan Zee 2016}) 4. e3 Nc6 5. Nbd2 (5. c3
Qb6 6. Qb3 c4 7. Qc2 Bf5 8. Qc1 e6 9. Nbd2 Be7 10. Be2 O-O) 5... cxd4 6. exd4
Bf5 7. Bb5 (7. c3 e6 8. Qb3 Qc8 9. Nh4 Be4 10. Nxe4 dxe4 11. g3 Be7 12. Ng2 O-O
13. Be2 Nd5 14. Bd2 Qd7 15. O-O) 7... Rc8 (7... e6 8. Ne5 Qb6 9. c4 dxc4 10.
Bxc6+ bxc6 11. Ndxc4 Qa6 12. Qe2 Bb4+ 13. Bd2 Bxd2+ 14. Nxd2 Qb5 15. Nb3 O-O
16. Rc1 Rfc8 17. Rxc6 Qa4 18. Rxc8+ Rxc8) 8. c3 e6 9. Qe2 (9. Ne5 Bd6) 9... Nd7
10. h4 a6 11. Bd3 Bxd3 12. Qxd3 Be7 13. Kf1 $1 Qb6 14. Rb1 Qb5 15. Qxb5 axb5
16. a3 h5 17. Nb3 f6 18. Re1 Kf7 19. Nc1 Nf8 20. Nd3 Ng6 21. Bg3 Na5 22. Kg1
Nc4 23. Re2 Rhe8 24. Kh2 Bf8 25. Rhe1 b6 26. Kg1 Ra8 27. Bf4 Rac8 28. g3 Rc6
29. Kg2 Be7 30. Ng1 Bf8 31. Nh3 Be7 32. Ng1 Bf8 $1 33. Nf3 Be7 34. Kh3 Ra8 35.
Bc1 Re8 36. g4 {(Na een hele tijd geschuif is het wit die het initiatief neemt.
)} hxg4+ 37. Kxg4 Rh8 38. h5 $1 Nf8 39. Nf4 Bd8 $1 {(Zwart heeft niet veel
keuze aan zetten.)} 40. Rh1 Rg8 $2 (40... Bc7 {was nodig en zou de druk
opheffen!}) 41. Nh4 $1 Bc7 42. Nfg6 Nd7 (42... Nxg6 43. hxg6+ Ke7 44. Nf3 Nd6
45. Ne1 Ne4 46. Kf3 Bd6 47. Nd3 Rcc8 48. Rh7 Kd7 {wit iets beter.}) 43. Rhe1
Re8 (43... Nf8 44. Ng2 Nxg6 45. hxg6+ Kxg6 46. Rxe6 Rxe6 47. Rxe6 Rc8 48. Bf4
Bxf4 49. Nxf4+ Kf7 50. Kf5 Rd8 51. Rc6 Rd7 52. Nd3 {ongeveer gelijk. Wit
slechtseen klein beetje beter.}) 44. Bf4 Bxf4 (44... f5+ 45. Kf3 Nf6 46. Bxc7
Rxc7 47. Nf4 Rc6 {wit plus, maar moet geduldig blijven.}) 45. Nxf4 {(En wit nu
duidelijk beter.)} Rd6 46. Kh3 Nf8 47. Nfg6 Nh7 48. f4 $1 Rdd8 49. Rg1 Nd6 (
49... Rd7 50. Kg3 Rd6 {wit blijft plus.}) 50. Reg2 {(Met matdreiging na
paardoffer.)} Rg8 $2 {(Zie diagram)} (50... Kg8 51. Ne5 $1 Ng5+ 52. Kh2 (52.
fxg5 fxe5 53. dxe5 Nb7 {en wit blijft op winstkoers.}) 52... Nf5 (52... fxe5
53. Rxg5 Rd7 54. h6 Kh7 55. hxg7) 53. Neg6 Ne4 54. Nxf5 exf5 55. Nh4 g5 56.
Nxf5 {en wit plus.}) 51. Ne7 $1 Ng5+ $2 (51... Rde8) (51... Kxe7 52. Rxg7+ Rxg7
53. Rxg7+ Nf7 54. Ng6+ Ke8 55. Rxh7 {en wit naar winst.}) 52. fxg5 Kxe7 53.
gxf6+ Kxf6 54. Rg6+ Kf7 55. Nf3 Rdf8 (55... Rde8 56. Ng5+ Ke7 57. Nxe6 Kd7) (
55... Nf5 56. Ng5+ Ke8 57. Nxe6) 56. Ne5+ Ke7 57. Rxg7+ Rxg7 58. Rxg7+ Kf6 (
58... Ke8 59. h6 Ne4 (59... Nf5 60. h7 $3 Nxg7 61. Ng6 Kf7 62. Nxf8) 60. Kh2 $1
Rh8 61. Nf7 $1 {en uit.}) 59. h6 Rh8 60. Kg4 Rxh6 61. Rd7 {(Fijn. Het paard
hangt wegens de matdreiging.)} 1-0

[Event "83rd Tata Steel Masters 2021"]
[Site "Wijk aan Zee"]
[Date "2021.01.21"]
[Round "5.6"]
[White "Grandelius, Nils"]
[Black "Vachier-Lagrave, Maxime"]
[Result "1-0"]
[WhiteElo "2663"]
[BlackElo "2784"]
[Annotator "Cé.Ha."]
[PlyCount "69"]
[EventDate "2021.??.??"]

{[%evp 0,69,19,38,40,41,90,62,58,36,45,34,55,53,75,37,48,26,15,7,-12,-12,123,
30,183,100,70,123,139,0,0,35,9,21,9,9,9,19,80,80,127,134,162,135,162,127,104,
104,105,75,81,77,119,122,95,140,124,107,143,143,155,134,116,188,299,307,635,
638,638,649,649,511]} 1. e4 c5 2. Nf3 d6 3. d4 cxd4 4. Nxd4 Nf6 5. Nc3 a6 6.
Bg5 (6. Be3 e5 7. Nb3 Be6 8. f3 Be7 9. Qd2 O-O 10. O-O-O) 6... e6 7. f4 Qb6 8.
Qd2 Qxb2 9. Rb1 Qa3 10. f5 (10. e5 dxe5 11. fxe5 Nfd7 12. Ne4 h6 13. Bh4 Qxa2
14. Rd1 Qd5 15. Qe3 Qxe5 16. Be2 Bc5 17. Bg3 Bxd4 18. Rxd4 Qa5+ 19. Rd2 O-O 20.
Bd6 f6 21. O-O) 10... Be7 11. fxe6 Bxe6 (11... fxe6 12. Bc4 d5 13. exd5 Qc5 14.
Bb3 exd5 15. O-O Nc6 16. Be3 Qd6 17. Rxf6 Bxf6 18. Nxd5 Bd7 19. Nxc6 Qxc6 20.
Bb6 Be6 21. Nc7+ Ke7 22. Qb4+ {1-0 (22) Zenklusen,R (2222)-Patuzzo,F (2279)
Switzerland 2001}) 12. Nxe6 fxe6 13. Bc4 $1 Nbd7 14. Bxe6 Nc5 15. Bb3 (15. Bf5
g6 16. O-O gxf5 17. Rxf5 Rf8 18. Bxf6 Bxf6 19. Nd5 O-O-O) 15... Rc8 (15...
Ncxe4 16. Bf7+ Kxf7 17. Nxe4 Nxe4 18. Qd5+ Ke8 19. Qxe4 Qa5+ 20. Kd1 $3 Qxg5
21. Rxb7 Rf8 22. Rxe7+ Qxe7 23. Qxa8+ Kd7 24. Qb7+ Kd8 25. Qb8+ Kd7 26. Qa7+
Kd8 27. Qxa6 Rf5 28. Qd3 Qf6 29. Re1 {wit iets beter.}) 16. O-O Nxb3 17. Rxb3
Qc5+ 18. Be3 Qc4 19. Rf4 Qe6 $2 {(En wit komt duidelijk plus.)} (19... Nh5 {
gelijk.} 20. Rf2 Nf6 21. Bd4 {gelijk.}) 20. Rxb7 O-O 21. h3 (21. Qd3 Qe5 22.
Rb3 Nd7 23. Rxf8+ Bxf8 {wit plus.}) 21... Rb8 22. Ra7 Ra8 23. Rxa8 Rxa8 24. Nd5
Rb8 25. c4 Bd8 (25... Nxd5 26. exd5 (26. cxd5 Qe5) (26. Qxd5 Qxd5 27. exd5 Rb1+
28. Rf1 Rb4 $14) 26... Rb1+ (26... Qg6) 27. Kh2 Qe5 28. Bd4 Qe1 29. Qd3 Bg5 30.
Re4 {en altijd plus voor wit.}) 26. Qf2 Nd7 (26... h6 27. Kh2 Nd7 {wit plus.})
27. Bd4 Bg5 28. Rf5 $1 (28. Rg4 {is minder sterk.} h6 29. Qg3 Rb7 30. Qc3 (30.
h4 $4 Nf6 $1 31. Nxf6+ Bxf6 32. Bxf6 Qxf6 {en gelijk.}) 30... Nb8) 28... Bh6
29. Kh2 Rc8 (29... Rf8 30. Rxf8+ Nxf8 31. Qf3 (31. Qf5 Qxf5 32. exf5 Kf7 33. g4
) 31... Bg5 {wit duidelijk plus.}) 30. Qg3 g6 {(Zie diagram)} 31. Qh4 $1 Bf8 (
31... Bg7 32. Qe7 $1 Qxe7 33. Nxe7+ Kh8 34. Nxc8 gxf5 35. Bxg7+ Kxg7 36. exf5
Kf6 37. g4 Ke5 38. Kg3 {En wit zal winnen.}) 32. Rf6 $1 Qe8 (32... Nxf6 33.
Nxf6+ Kf7 34. Qxh7+ Bg7 35. Ng4) 33. Rxf8+ $1 Qxf8 (33... Nxf8 34. Ne7+ Qxe7
35. Qxe7) (33... Kxf8 34. Qh6+ Kf7 35. Qg7+ Ke6 36. Nf4#) 34. Ne7+ Kf7 35. Nxc8
(35. Nxc8 Qxc8 36. Qxh7+ Ke6 37. Qxg6+ Ke7 38. Qg5+ Kf7 39. Qf5+ Ke8 40. Qe6+
Kd8 41. Qxd6 {en zwart gepluimd}) 1-0

[Event "83rd Tata Steel Masters 2021"]
[Site "Wijk aan Zee"]
[Date "2021.01.22"]
[Round "6.3"]
[White "Van Foreest, Jorden"]
[Black "Anton Guijarro, David"]
[Result "1-0"]
[WhiteElo "2671"]
[BlackElo "2679"]
[Annotator "Cé.Ha."]
[PlyCount "73"]
[EventDate "2021.??.??"]

{[%evp 0,73,80,27,34,28,24,18,27,9,0,4,19,10,26,7,26,0,-12,-4,-18,0,-5,-16,-13,
1,13,7,-3,7,9,3,-10,-18,-10,-10,-10,-13,-15,-21,6,-30,-17,-10,43,27,27,17,37,
-8,-9,-9,44,20,23,32,21,21,23,-22,81,61,69,80,80,80,80,81,96,0,23,35,41,41,568,
724]} 1. e4 e5 2. Nf3 Nc6 3. Bb5 a6 4. Ba4 Nf6 5. O-O Be7 6. d3 b5 7. Bb3 d6 8.
c3 O-O 9. h3 (9. Re1 Na5 10. Bc2) 9... h6 10. a4 (10. Re1 Na5 11. Bc2 c5) 10...
Bd7 11. Bc2 (11. Qe2 Na5) 11... b4 12. Nbd2 Re8 13. a5 Bf8 14. Re1 Rb8 15. d4
bxc3 16. bxc3 exd4 17. cxd4 Nb4 18. Bb1 g6 19. Ra3 Bg7 20. Nf1 Rb5 21. Ng3 Nh5
22. Nxh5 Rxh5 23. d5 {(Die zwarte toren heeft een rare weg afgelegd. Staat
daar zeer ongebruikelijk en redelijk passief. Toch gelijk.)} c5 (23... Qc8 24.
Nd2 {vermijdt loperoffer op h3 met mat.}) 24. Bf4 (24. dxc6 Nxc6 (24... Bxc6
25. Bd2) 25. Bf4 Qc8 $1) 24... Bb2 25. Rae3 $1 Qf6 26. Bg3 c4 $2 (26... Bb5 27.
Qb3 {gelijk.}) 27. Qe2 {(Zie diagram)(Is die zwarte pion op c4 gevaarlijk? Of
is het een gok?)} (27. R1e2 Ba1 (27... c3 28. e5 Qd8 29. Qb3 {en het paardje
in moelijkheden! Wit naar winst! De zwarte dame kan nog ter hulp komen, maar
dan blijkt de zwakte van de zwarte stelling!} Qxa5 30. e6 $1 fxe6 31. Bxg6 Ba4
32. Qc4 c2 33. Qg4 $3 c1=Q+ (33... Rg5 34. Nxg5 c1=Q+ 35. Kh2) 34. Re1)) 27...
Bb5 28. e5 Bxe5 29. Nxe5 dxe5 30. Bxe5 Rexe5 31. Rxe5 c3 32. Qe3 c2 33. Rxh5
gxh5 34. Bxc2 $1 Nxc2 35. Qe5 Kg7 36. Re4 Bd3 $2 {(Zwakke zet)} (36... Qxe5 37.
Rxe5 Nd4 38. d6 Bc6 (38... Kf6 39. Rxh5 Nf5 40. g4 Nxd6 41. Rxh6+ Ke7 42. h4 {
en wit duidelijk plus.})) 37. Qg3+ (37. Qg3+ Kf8 (37... Qg6 38. Qxd3) (37...
Qg5 38. Qxd3 Qc1+ 39. Kh2 Ne1 40. Qg3+ Kf6 41. Qe5+ Kg6) 38. Qxd3 Qa1+ 39. Kh2
Ne1 40. Qd2) 1-0

[Event "83rd Tata Steel Masters 2021"]
[Site "Wijk aan Zee"]
[Date "2021.01.22"]
[Round "6.7"]
[White "Donchenko, Alexander"]
[Black "Firouzja, Alireza"]
[Result "0-1"]
[WhiteElo "2668"]
[BlackElo "2749"]
[Annotator "Cé.Ha."]
[PlyCount "87"]
[EventDate "2021.??.??"]

{[%evp 0,87,34,26,27,-13,-10,-3,4,25,60,31,60,60,64,67,40,35,35,28,25,29,24,37,
30,15,15,11,23,5,25,14,37,27,32,16,28,28,31,17,6,-49,-10,-2,17,-50,-6,-49,-49,
-120,-54,-45,45,-74,34,-45,12,32,15,-30,-6,-6,-3,0,44,21,99,-244,-195,-195,
-206,-174,-139,-517,-579,-579,-601,-319,-663,-653,-710,-388,-1319,-1319,-1724,
-1562,-29984,-29985,-29986,-29987]} 1. d4 d5 2. c4 e6 3. Nc3 Bb4 4. Nf3 dxc4 (
4... Nf6 5. Bg5 h6 6. Bxf6 Qxf6 7. e3 O-O 8. Rc1 dxc4 9. Bxc4 c5 10. O-O) 5. e3
b5 6. a4 c6 7. Bd2 a5 8. axb5 Bxc3 9. Bxc3 cxb5 10. b3 Bb7 11. bxc4 b4 12. Bb2
Nf6 13. Bd3 O-O (13... Nbd7 14. O-O) 14. O-O Nbd7 15. Nd2 (15. Qc2 Qc7 16. h3
Bxf3 17. gxf3 e5 18. c5 exd4 19. Bxd4 Ne5 20. Be2 Qe7 21. Qf5 Nfd7 22. Rfd1 g6
23. Qe4 Rfe8 24. f4 Qh4 25. Qg2 a4 26. fxe5 a3 27. Bb5 Rad8 28. c6 {1-0 (28)
Groffen,H (2115)-Reichardt,R (2061) Netherlands 2019 Van toen het nog allemaal
normaal was en de Belgen in Nederland en de Nederlanders in BELGIË konden
spelen!}) 15... e5 (15... Qc7 16. Bc2 h6 17. f3 Rfd8 18. Rf2 Ra6) 16. Bc2 Qc7
17. h3 (17. d5 Rfe8 18. Ba4 Re7 19. f4 exf4 20. Rxf4 Rxe3 21. Qf1 Re7) 17...
Rfe8 18. Bb3 (18. Ba4 Bc6) 18... h6 19. Nf3 Ra6 20. Nxe5 Nxe5 21. dxe5 Nd7 22.
f4 Nc5 23. Bc2 a4 {(Zwart drukt op de damevleugel. Wit poogt nu tegendruk op
te bouwen.)} 24. f5 $1 b3 (24... a3 25. Bd4 Be4 26. Bxe4 (26. e6 Bxc2 27. Qxc2
f6) 26... Nxe4 27. c5 (27. Rf4 Rxe5 $1 28. Bxe5 Qxe5 {en zwart plus.}) 27...
Nxc5 (27... Rxe5) 28. e6 f6 29. Qg4 Qe7) 25. Bb1 Raa8 26. e6 $1 Qg3 (26... f6
27. Qg4 Kh8 28. Qf4 Qc6 (28... Rec8 29. Qxc7 Rxc7 30. Ba3 Ne4 31. Rf4 Nc3 32.
Bd3 {wit plus.}) 29. Rf3 Ne4 30. Bxe4 Qxe4 31. Qxe4 Bxe4 32. Rf4 Bc6 {wit iets
beter.}) 27. Rf2 $2 (27. Qe2 fxe6 (27... f6 28. Rf4) 28. f6 $1 Red8 29. f7+ Kf8
30. Bd4 (30. Ba3 Rac8) 30... Ra5 {wit iets beter.}) 27... f6 (27... Qxe3 $2 28.
exf7+ Kxf7 29. Qh5+ Ke7 (29... Kg8 $2 30. f6 $1) 30. f6+ gxf6 31. Bg6 {en er
lonkt winst.}) (27... fxe6 28. fxe6 Rf8 29. Qe1 Rf3 30. Qd2 Nxe6 {en zwart
duidelijk plus.}) 28. Bd4 Ne4 29. Bxe4 (29. Rf3 $1 Qc7 30. Rf4 Nd6 31. Bd3 {en
wit plus.}) 29... Bxe4 30. Ra3 Rec8 31. c5 Kh7 32. Qd2 b2 $6 (32... Rd8 33. Qe2
Bc6 {gelijk.}) 33. Qxb2 $4 {(Zie diagram)(Een blunder, en zwart maakt het af.)}
(33. Bxb2 Rxc5 34. Qb4 Rxf5 35. Qxe4 Qxf2+ 36. Kh2 Qxb2 37. Qxf5+ Kg8 38. Rd3
Qb8+ 39. Kg1 Qb1+ (39... a3 40. e7 Qb1+ 41. Kf2 Qc2+ 42. Kg1 (42. Kf3 Qc6+ 43.
Qd5+ (43. e4 $4) 43... Qxd5+ 44. Rxd5 Re8 45. h4 Rxe7 46. Ra5) 42... Qb1+) 40.
Kf2 Re8 41. Qd5 Kh8 42. Qd7 Qb2+ 43. Kf3 (43. Rd2 Qb8) 43... Qb8 {lijkt
allemaal remise.}) 33... Rab8 34. Qa2 {(Wit krijgt het nu zeer lastig.)} (34.
Qe2 $4 Bxg2 $1 35. Rxg2 Rb1+ $1) 34... Rb1+ 35. Rf1 {(Veel beter is er niet.)}
Rcb8 36. Qf2 Rxf1+ 37. Kxf1 Rb1+ 38. Ke2 Qb8 39. Qf4 Qb5+ 40. Kd2 (40. Kf2 Qf1+
41. Kg3 Qxg2+ 42. Kh4 Rh1 43. Qg3 Rxh3+ 44. Qxh3 Qg5#) 40... Qb4+ 41. Bc3 Qxa3
42. Qxe4 Qc1+ 43. Kd3 Qf1+ 44. Kd4 (44. Kd4 Rd1+ 45. Bd2 Rxd2+ 46. Kc3 Qc1+ 47.
Qc2 Rxc2+ (47... Qxc2+ 48. Kb4 Qb2+) 48. Kb4 Rb2+ 49. Ka5 Qc4 50. g4 Qb5#) (44.
Kd2 Qd1#) 0-1